000 01703nam0a2200409 4500
001 RU\NLR\bibl\145102
005 20250618045717.0
010 _a5-89747-020-0
_bВ пер.
_910000
021 _aRU
_b2000-48896
_92251
035 _a(NLR Aleph) 000142160
090 _a814048
_c814048
100 _a20010216d2000 |||y0rusy50 ca
101 1 _arus
_cspa
102 _aRU
105 _aabc |||||||||
200 1 _aПравдивая история завоевания Новой Испании
_fБерналь Диас дель Кастильо
_g[Сост., пер. с исп., коммент. А. Захарьян]
210 _aМ.
_cФорум
_d2000
215 _a399,[1] с.
_cил., карты, портр.
_d30
225 1 _aСерия "Материалы по всеобщей истории"
607 _aИспания
_xКолониальная политика
_yАмерика
_91204344
_3RU\NLR\auth\66488016
610 0 _aКонкистадоры
610 0 _aКолониальная политика Испании в Мексике - История, 16 в.
610 0 _aИндейцы Мексики - История, 16 в.
610 0 _aИспания
610 0 _aМексика, история войнистория войн
675 _a355.48(460)"15"
_v3
_zrus
686 _a63.3(4Исп)
_2rubbk
686 _aТ3(4Ис)42-69
686 _aТ3(4Ис)43-69
700 1 _aДиас дель Кастильо
_f1492-1581
_gБерналь
_4070
702 1 _aЗахарьян
_bА
801 0 _aRU
_bRKP
_c20010216
_gPSBO
801 1 _aRU
_bRKP
_c20010216
801 2 _aRU
_bNLR
_c20010426
_grcr
942 _cBOOK
980 _aNB